Maintenance planning and maintenance management
Guardado en:
| Autor principal: | |
|---|---|
| Formato: | Capítulo de libro |
| Lenguaje: | inglés |
| Materias: | |
| Etiquetas: |
Sin Etiquetas, Sea el primero en etiquetar este registro!
|
MARC
| LEADER | 00000nla a2200000 4500 | ||
|---|---|---|---|
| 001 | 0200301 | ||
| 005 | 20240502073404.5 | ||
| 041 | 0 | |a eng | |
| 044 | |a SK | ||
| 245 | 1 | 0 | |a Maintenance planning and maintenance management |c Naqibullah Daneshjo |
| 610 | 2 | 0 | |a údržba |
| 610 | 2 | 0 | |a riadenie |
| 610 | 2 | 0 | |a technológie informačné |
| 610 | 2 | 0 | |a technológie komunikačné |
| 100 | 1 | |a Daneshjo, Naqibullah, 1964- | |